[Event "Como Province-ch"]
[Site "Como"]
[Date "1999.02.19"]
[Round "6"]
[White "Rossi, Giampiero"]
[Black "De Castro, Giovanni"]
[Result "1-0"]
[WhiteElo "2023"]
[BlackElo "1713"]
[PlyCount "107"]
[EventDate "1999.01.15"]
[EventType "swiss"]
[EventRounds "8"]
[EventCountry "ITA"]
[SourceTitle "EXT 2023"]
[Source "ChessBase"]
[SourceDate "2022.10.05"]
[SourceVersion "1"]
[SourceVersionDate "2022.10.05"]
[SourceQuality "1"]

1. d4 Nf6 2. c4 c5 3. dxc5 e6 4. Nc3 Bxc5 5. Nf3 0-0 6. a3 b6 7. e3 Bb7 8. Be2 Be7 9. 0-0 d6 10. Qc2 Nbd7 11. b3 a6 12. Bb2 Qc7 13. Rac1 Rac8 14. Rfd1 Rfd8 15. Qb1 Qb8 16. Nd2 Nf8 17. Bf3 Bxf3 18. Nxf3 Qb7 19. Qa1 Ng6 20. Rd2 Rd7 21. Rcd1 Rcd8 22. h3 Bf8 23. Qb1 Be7 24. Qd3 Qc6 25. Nd4 Qb7 26. f3 d5 27. cxd5 Nxd5 28. Nxd5 Rxd5 29. Qe2 b5 30. Nc2 Bc5 31. Bd4 Bxd4 32. Rxd4 Rxd4 33. Rxd4 Rxd4 34. Nxd4 e5 35. Nf5 Qc8 36. Qd3 h6 37. b4 Qc7 38. Kf2 Ne7 39. Ng3 Nc8 40. Ne4 Nb6 41. Nc5 Qc8 42. Qd6 Nc4 43. Qxa6 Qxa6 44. Nxa6 Nxa3 45. Ke2 Nc4 46. Kd3 Nd6 47. Nc5 f5 48. Nd7 e4+ 49. fxe4 fxe4+ 50. Kd4 Kf7 51. Kd5 Ke7 52. Ne5 g5 53. Nc6+ Kd7 54. Ne5+ 1-0

[Event "Como Province-ch"]
[Site "Como"]
[Date "1997.??.??"]
[Round "8"]
[White "De Castro, Giovanni"]
[Black "Napoli, Ferdinando"]
[Result "1/2-1/2"]
[WhiteElo "1713"]
[BlackElo "1633"]
[PlyCount "96"]
[EventDate "1997.??.??"]
[EventType "swiss"]
[EventRounds "8"]
[EventCountry "ITA"]
[SourceTitle "EXT 2024"]
[Source "ChessBase"]
[SourceDate "2023.10.10"]
[SourceVersion "1"]
[SourceVersionDate "2023.10.10"]
[SourceQuality "1"]

1. d4 Nf6 2. Nf3 g6 3. Bg5 Bg7 4. Nbd2 0-0 5. e4 d6 6. c3 Nbd7 7. Bc4 e5 8. 0-0 Re8 9. Re1 Nf8 10. dxe5 dxe5 11. Qb3 Ne6 12. Rad1 c6 13. Bh4 Qc7 14. Qc2 b5 15. Bf1 a5 16. a4 Ba6 17. axb5 cxb5 18. Ng5 Rac8 19. Nxe6 Rxe6 20. Qb3 a4 21. Qa2 Rd6 22. f3 Rcd8 23. Bg5 Qd7 24. Be2 Qa7+ 25. Kf1 h6 26. Bh4 Rxd2 27. Bf2 Qc7 28. Qa1 R8d6 29. Be3 Rxd1 30. Rxd1 Rxd1+ 31. Qxd1 Qd7 32. Qa1 Qd6 33. c4 a3 34. cxb5 axb2 35. Qxb2 Bb7 36. b6 Nd7 37. Qa2 Bf8 38. Bc4 Qf6 39. Qa7 Qc6 40. Qa2 Nxb6 41. Bxf7+ Kg7 42. Bg8 Qf6 43. Bxb6 Bxe4 44. Ke2 Bc6 45. Qc4 Be8 46. Bc7 Be7 47. Be6 g5 48. Qd5 Bb5+ 1/2-1/2